000 00757nam a2200217Ii 4500
003 JO-AjNU
008 230605s9999||||xx |||||||||||||| ||und||
017 _a2006/5/1182
040 _aJO-AjNU
_bara
_erda
_cJO-AjNU
041 _aara
050 1 4 _aPN3175.B366 2006
100 3 _aبني هاني، محمد عبد الهادي,
_eauthor
_924555
245 0 0 _aالمسرح المدرسي ومسرح الشباب: نصوص هادفة
250 _aط1
264 3 1 _aإربد: دار الكندي للنشر والتوزيع، 2006
300 _a288ص
336 _atext
_btxt
_2rdacontent
337 _aunmediated
_bn
_2rdamedia
338 _avolume
_bnc
_2rdacarrier
650 4 _aالمسرح - مسرح الشباب - المسرح المدرسي
_924556
999 _aA9061
_c12629
_d12629